000 00449pab a2200169 454500
008 180718b2009 xxu||||| |||| 00| 0 eng d
100 _aAngrist, Joshua
245 _aThe effects of high stakes high school achievement awards: evidence from a randomized trial
260 _c2009
300 _ap.1384-414.
362 _aSep
650 _aAwards
700 _aLavy, Victor
773 _aAmerican Economic Review
908 _aN
909 _a84641
999 _c84641
_d84641